000 00309nam a22001337a 4500
020 _a1-84119-383-6
082 _a827
_bELD/W
100 _aELDIN, PETER
245 _aWIZARD JOKES
260 _aUNITED KINGDOM
_bROBINSON CHILDREN'S BOOKS
_c2002
300 _a186
650 _aJOKES
_zUNITED KINGDOM
942 _cBK
999 _c5724
_d5724